000 00345nam a22001337a 4500
008 250424b |||||||| |||| 00| 0 eng d
020 _a0566008564
050 _aHD6955
_b.E87
100 _aLITTLER Craig R.
245 _aThe Experience of Work
260 _aEngland
_bCrower Publishing Company Limited
_c1985
300 _avii, 281p.
942 _cBK
999 _c3151
_d3151